00744 2200277 4500001002100000005001500021035002000036007000300056040001700059100003100076245005900107300003100166020002200197041000800219082001100227084001700238090002000255264003900275336002100314337003000335338002300365650001200388850001000400008004100410990001500451INLIS00000000000661020260411094838 a0010-0522000057ta aSBPUPADbmal1 aNetter H. FrankePengarang1 aAtlas Anatomi Manusia :bEdisi Lima /cNetter H. Frank a148 hlm. :bilus. ;c24 cm a978-1-4160-5951-61`amal a611.03 a611.03 NET a aR GHA i.1 L3-2 a.--Indonesia :bSagung Seto,c1989 2rdacontentaTeks 2rdamediaaTanpa Perantara 2rdacarrieravolume 4aAnatomi aPUPAD260411 0  a482/B/2013